Städte mit "E" - Statistiken

Allgemein
  • Dieses Quiz wurde 65 mal gespielt
  • Das Durchschnittsergebnis liegt bei 7 aus 41
Antwortstatistiken
Land Stadt % Korrekt
Deutschland 🇩🇪 Essen
92%
Deutschland 🇩🇪 Erfurt
69%
Großbritannien 🇬🇧 Edinburgh
61%
Deutschland 🇩🇪 Erlangen
55%
Deutschland 🇩🇪 Emden
47%
Kanada 🍁 Edmonton
41%
Niederlande 🇳🇱 Eindhoven
39%
Niederlande 🇳🇱 Enschede
33%
Deutschland 🇩🇪 Eisenach
29%
Schweiz 🇨🇭 Emmen
29%
Türkei 🇹🇷 Edirne
25%
USA 🇺🇸 El Paso
22%
Irak 🇮🇶 Erbil
18%
Österreich 🇦🇹 Eisenstadt
16%
Armenien 🇦🇲 Eriwan
16%
Deutschland 🇩🇪 Eisenhüttenstadt
14%
Deutschland 🇩🇪 Elmshorn
14%
Dänemark 🇩🇰 Esbjerg
14%
Deutschland 🇩🇪 Eutin
14%
Großbritannien 🇬🇧 Exeter
10%
Israel 🇮🇱 Eilat
8%
Deutschland 🇩🇪 Eilenburg
4%
Polen 🇵🇱 Elbing
4%
Spanien 🇪🇸 Elche
4%
USA 🇺🇸 Elk Grove
4%
USA 🇺🇸 Evansville
4%
Argentinien 🇦🇷 Eldorado
2%
Deutschland 🇩🇪 Engen
2%
Deutschland 🇩🇪 Erkrath
2%
USA 🇺🇸 Eugene
2%
Mexiko 🇲🇽 Ecatepec de Morelos
0%
USA 🇺🇸 El Cajon
0%
USA 🇺🇸 El Monte
0%
Indien 🇮🇳 Eluru
0%
Brasilien 🇧🇷 Embu
0%
Russland 🇷🇺 Engels
0%
USA 🇺🇸 Escondido
0%
Argentinien 🇦🇷 Esteban Echeverria
0%
USA 🇺🇸 Everett
0%
Argentinien 🇦🇷 Ezeiza
0%
China 🇨🇳 Ezhou
0%
Keine übereinstimmenden Quizze gefunden
Verteilung der Resultate
Anzahl Personen mit jedem Resultat
Perzentil nach korrekt beantworteten Fragen
Ihre Resultats-Entwicklung
Sie haben dieses Quiz noch nicht gespielt